Văn hóa & nguồn lực
Uloženo v:
| Médium: | Kniha |
|---|---|
| Jazyk: | Undetermined |
| Vydáno: |
Thành phố Hồ Chí Minh
Trường Đại học Văn hóa Thành phố Hồ Chí Minh
2018
|
| Témata: | |
| Tagy: |
Přidat tag
Žádné tagy, Buďte první, kdo otaguje tento záznam!
|
| Thư viện lưu trữ: | Trung tâm Học liệu Trường Đại học Cần Thơ |
|---|
| LEADER | 00680nam a2200217Ia 4500 | ||
|---|---|---|---|
| 001 | CTU_235295 | ||
| 008 | 210402s9999 xx 000 0 und d | ||
| 082 | |a 306 | ||
| 082 | |b V115 | ||
| 245 | 0 | |a Văn hóa & nguồn lực | |
| 245 | 0 | |c Trường Đại học Văn hóa Thành phố Hồ Chí Minh | |
| 260 | |a Thành phố Hồ Chí Minh | ||
| 260 | |b Trường Đại học Văn hóa Thành phố Hồ Chí Minh | ||
| 260 | |c 2018 | ||
| 650 | |a Folklore | ||
| 904 | |d 2000(4) | ||
| 904 | |e 1997(1,5-12);1998;1999(5-12) | ||
| 904 | |f ctulCH | ||
| 904 | |i T.Trang | ||
| 904 | |l p | ||
| 980 | |a Trung tâm Học liệu Trường Đại học Cần Thơ | ||